| 000 | 00498nam a22001697a 4500 | ||
|---|---|---|---|
| 003 | OSt | ||
| 005 | 20140311163157.0 | ||
| 008 | 140226t xxu||||| |||| 00| 0 eng d | ||
| 020 | _a9789719800019 | ||
| 050 |
_aQA 303.2 _b.W67 2013 |
||
| 100 |
_aCuaresma, Genaro A. _930689 |
||
| 245 |
_aA worktext in Analytic Geometry and Calculus 1 / _cGenaro A. Cuaresma. |
||
| 260 |
_aQuezon City : _bC and E Pub. Inc, _c2013. |
||
| 300 |
_a201 p. : _bill. ; _c26 cm. |
||
| 942 |
_2lcc _cBK-TR |
||
| 999 |
_c42411 _d42411 |
||